Statistics for Porto Champions League Winner Starting XI

Click here to take the quiz!

General Stats

  • This quiz has been taken 164 times
  • The average score is 8 of 22

Answer Stats

Player% Correct
Deco
94%
Ricardo Carvalho
74%
Vítor Baía
66%
Jorge Costa
57%
Maniche
55%
Paulo Ferreira
55%
Costinha
48%
Rabah Madjer
48%
Carlos Alberto
44%
Derlei
38%
Nuno Valente
36%
Paulo Futre
35%
Pedro Mendes
27%
João Pinto
25%
António André
15%
António Sousa
14%
Józef Młynarczyk
14%
Jaime Magalhães
10%
Augusto Inácio
7%
Eduardo Luís
6%
Celso
5%
Quim
4%

Score Distribution

Percentile by Number Answered

Percent of People with Each Score

Your Score History

You have not taken this quiz